Catalog

Record Details

Catalog Search



Sociální politika  Cover Image Book Book

Sociální politika / Josef Petrášek

Record details

  • ISBN: 978-80-86723-41-9
  • Physical Description: 120 s. ; 23 cm
  • Edition: Vyd. 1.
  • Publisher: Praha : Univerzita Jana Amose Komenského, 2007

Content descriptions

Bibliography, etc. Note:
Obsahuje bibliografii a bibliografické odkazy
Subject: sociální politika > Česko
sociální zabezpečení > Česko
social policy > Czechia
social security > Czechia
Genre: učebnice vysokých škol
textbooks (higher)

Available copies

  • 1 of 1 copy available at Common Catalog SPOK.

Holds

  • 0 current holds with 1 total copy.
Show Only Available Copies
Location Call Number / Copy Notes Barcode Shelving Location Status Due Date
Jabok Library SPo-1 424480024328 Odborná literatura Available -

LDR 01340nam a2200397 a 4500
00111914
003CZ-PrJAB
00520191121104754.0
007ta
008071120s2007 xr e p 000 0 cze
015 . ‡acnb001779764
020 . ‡a978-80-86723-41-9 ‡q(brož.)
035 . ‡a(CZ PrNK)nkc20071779764
035 . ‡a(OCoLC)228500512
040 . ‡aBOA001 ‡bcze
043 . ‡ae-xr---
072 7. ‡a36 ‡xZajištění duševních a materiálních potřeb ‡2Konspekt ‡918
072 7. ‡a37.016 ‡xUčební osnovy. Vyučovací předměty. Učebnice ‡2Konspekt ‡922
080 . ‡a36 ‡2MRF
080 . ‡a364 ‡2MRF
080 . ‡a(437.3) ‡2MRF
080 . ‡a(075.8) ‡2MRF
1001 . ‡aPetrášek, Josef, ‡d1944- ‡7mzk2007424014 ‡4aut
24510. ‡aSociální politika / ‡cJosef Petrášek
250 . ‡aVyd. 1.
260 . ‡aPraha : ‡bUniverzita Jana Amose Komenského, ‡c2007
300 . ‡a120 s. ; ‡c23 cm
504 . ‡aObsahuje bibliografii a bibliografické odkazy
65007. ‡asociální politika ‡7ph116210 ‡zČesko ‡2czenas
65007. ‡asociální zabezpečení ‡7ph116215 ‡zČesko ‡2czenas
65009. ‡asocial policy ‡zCzechia ‡2eczenas
65009. ‡asocial security ‡zCzechia ‡2eczenas
655 7. ‡aučebnice vysokých škol ‡7fd133772 ‡2czenas
655 9. ‡atextbooks (higher) ‡2eczenas
910 . ‡aABG312
995 . ‡aska
901 . ‡a11914 ‡bCZ-PrJAB ‡c11914 ‡tbiblio

Additional Resources